zpět

Detail výsledku týmu

Baarovka, České Budějovice

Datum a čas kvízu

30 Celkem bodů Celkový počet nahraných bodů na tomto kvízu bez doplňovacích otázek.
4. Pořadí na kvízu Konečné umístění týmu na tomto kvízu.

Zaznamenané odpovědi

# Otázka Odpověď Body Výsledky
1. Andrej Babiš byl dle očekávání... jeden 0
2. Po skandálu s udělením milosti... Maďarsko 1
3. Městské divadlo v Brně v sobot... Bílá Voda 1
4. Která automobilka získala s je... Mercedes 0
5. Který útočník minulý týden dok... Martin Nečas. 1
6. Vítězné téma facebookového hla... 1A 2B 3D 4C 0
7. Dne 18. dubna 1997 byli odsouz... Orličtí vrazi 1
8. Devadesátkovou klasikou je fil... Fuck Off Guys Good Day 0
9. V roce 1994 vyšel první díl he... Tekken 0
10. Ke kterému městu se v souvislo... Vsetín 0